|
|
|
|
| LEADER |
00000nam0a2200000 4500 |
| 001 |
279036 |
| 005 |
20231101235154.0 |
| 020 |
|
|
|a RU
|b 83-86732
|
| 035 |
|
|
|a (RuTPU)RU\TPU\book\302314
|
| 090 |
|
|
|a 279036
|
| 100 |
|
|
|a 20141216d1983 k y0rusy5003 ca
|
| 101 |
0 |
|
|a rus
|
| 102 |
|
|
|a RU
|
| 105 |
|
|
|a a z 001zy
|
| 200 |
1 |
|
|a Радиоизотопный контроль объемной массы материалов
|f А. В. Пугачев, М. Е. Гельфанд, Э. В. Сахаров
|
| 210 |
|
|
|a Москва
|c Энергоатомиздат
|d 1983
|
| 215 |
|
|
|a 57 с.
|c ил.
|
| 320 |
|
|
|a Библиогр.: с. 55-57
|
| 606 |
1 |
|
|a Физические величины
|x Измерение
|2 stltpush
|3 (RuTPU)RU\TPU\subj\58924
|9 76607
|
| 610 |
1 |
|
|a сыпучие материалы
|
| 610 |
1 |
|
|a объем
|
| 610 |
1 |
|
|a контроль
|
| 610 |
1 |
|
|a радиоизотопный способ
|
| 610 |
1 |
|
|a чувствительность
|
| 610 |
1 |
|
|a погрешность
|
| 610 |
1 |
|
|a радиоизотопные устройства
|
| 610 |
1 |
|
|a схемы
|
| 675 |
|
|
|a 531.7
|v 4
|
| 700 |
|
1 |
|a Пугачев
|b А. В.
|g Александр Васильевич
|
| 701 |
|
1 |
|a Гельфанд
|b М. Е.
|g Марат Ефимович
|
| 701 |
|
1 |
|a Сахаров
|b Э. В.
|g Эдуард Викторович
|
| 801 |
|
0 |
|a RU
|b RuMRKP
|c 19950704
|g psbo
|
| 801 |
|
1 |
|a RU
|b 63413507
|c 20141216
|
| 801 |
|
2 |
|a RU
|b 63413507
|c 20180126
|g RCR
|
| 942 |
|
|
|c BK
|